| 000 | 01114nam a22002177a 4500 | ||
|---|---|---|---|
| 005 | 20250922100952.0 | ||
| 008 | 250910b |||||||| |||| 00| 0 eng d | ||
| 020 | _a28743 | ||
| 082 | _aDC 612.7 J29 2026 | ||
| 100 |
_aJarmey, Chris. _967355 |
||
| 245 |
_aThe concise book of the moving body / _cChris Jarmey. |
||
| 250 | _aSecond edition. | ||
| 260 |
_aIllinois : _bLotus Books, _c ©2026. |
||
| 300 |
_a208 pages : _billustrations (some colors) ; _c24 cm. |
||
| 500 | _aIncludes references and index. | ||
| 520 | _a"This book is for students and the general reader. The first seven chapters explain anatomical orientation, tissues, bone, the axial and appendicular skeletons, joints, and skeletal muscle and fascia. The last two chapters illustrate the muscle groups of the body's four major regions detailing each region's deep and superficial muscles in both anterior and posterior views. Tables show each muscle's origin, insertion, innervation, and action" | ||
| 650 | 0 |
_aMusculoskeletal system. _968001 |
|
| 650 | 0 |
_aHuman locomotion. _968002 |
|
| 650 | 0 |
_aHuman mechanics. _968003 |
|
| 942 |
_2ddc _cDC |
||
| 999 |
_c23720 _d23720 |
||